Final environmental impact assessment Ho Chi Minh city sub-project

Gorde:
Xehetasun bibliografikoak
Egile nagusia: The World Bank
Formatua: Liburua
Hizkuntza:Undetermined
Argitaratua: Washington DC The World Bank 2003
Etiketak: Etiketa erantsi
Etiketarik gabe, Izan zaitez lehena erregistro honi etiketa jartzen!
Thư viện lưu trữ: Trung tâm Học liệu Trường Đại học Cần Thơ
LEADER 00445nam a2200157Ia 4500
001 CTU_62678
008 210402s9999 xx 000 0 und d
082 |a 363.7 
082 |b W927e 
100 |a The World Bank 
245 0 |a Final environmental impact assessment Ho Chi Minh city sub-project 
260 |a Washington DC 
260 |b The World Bank 
260 |c 2003 
904 |i Minh 
980 |a Trung tâm Học liệu Trường Đại học Cần Thơ